100 វិទ្យាសាស្រ្តអភិវត្តន៍ពិភពលោក / (Record no. 1731)
[ view plain ]
| 000 -LEADER | |
|---|---|
| fixed length control field | 02585nam a22003257a 4500 |
| 001 - CONTROL NUMBER | |
| control field | 1731 |
| 003 - CONTROL NUMBER IDENTIFIER | |
| control field | FISKH |
| 005 - DATE AND TIME OF LATEST TRANSACTION | |
| control field | 20231003160809.0 |
| 008 - FIXED-LENGTH DATA ELEMENTS--GENERAL INFORMATION | |
| fixed length control field | 230921b cb ||||| |||| 00| 0 khr d |
| 020 ## - INTERNATIONAL STANDARD BOOK NUMBER | |
| International Standard Book Number | 9789924340461 |
| 040 ## - CATALOGING SOURCE | |
| Original cataloging agency | FISKH |
| Language of cataloging | eng |
| Transcribing agency | FISKH |
| Modifying agency | FISKH |
| 082 ## - DEWEY DECIMAL CLASSIFICATION NUMBER | |
| Classification number | 509.031 |
| 100 ## - MAIN ENTRY--PERSONAL NAME | |
| Personal name | Tae-kwan, Kim |
| 245 ## - TITLE STATEMENT | |
| Title | 100 វិទ្យាសាស្រ្តអភិវត្តន៍ពិភពលោក / |
| Remainder of title | ពីការព្យាបាលដោយវេជ្ជសាស្រ្តសម័យថ្មី រហូតដល់មេកានិចកង់តូម : |
| Statement of responsibility, etc. | និពន្ធដោយ គីម ថែខ្វាន់ និង អ៊ីម ហ្យងវុក - គូររូបដោយ មុន ផ្សងយុន - បកប្រែពីភាសាថៃដោយ វ៉ា សុវណ្ណរដ្ដ |
| 250 ## - EDITION STATEMENT | |
| Edition statement | បោះពុម្ពលើកទី ២ មិថុនា ២០២០ |
| 260 ## - PUBLICATION, DISTRIBUTION, ETC. | |
| Place of publication, distribution, etc. | Phnom Penh : |
| Name of publisher, distributor, etc. | Sipar, |
| Date of publication, distribution, etc. | 2020. |
| 300 ## - PHYSICAL DESCRIPTION | |
| Extent | 117 pages : |
| Other physical details | color illustrations ; |
| Dimensions | 23 cm |
| 490 ## - SERIES STATEMENT | |
| Series statement | ខ្ញុំចង់ដឹង |
| Volume/sequential designation | 5 |
| 505 ## - FORMATTED CONTENTS NOTE | |
| Formatted contents note | Z'<br/> |
| 520 ## - SUMMARY, ETC. | |
| Summary, etc. | នៅក្នុងផ្នែកទី 5 នៃសៀវភៅរឿងកំប្លែងនេះ មានឈុតឆាកចំនួន 19 ផ្សេងទៀតរួមមានៈ ទ្រឹស្តីរូបវិទ្យា និងគីមី។ របកគំហើញផ្នែកវេជ្ជសាស្រ្ត ការវិវត្តនៃប្លាស្ទិក ទ្រឹស្តីនៃការរសាត់តាមទ្វីប និងការបង្កើតឧបករណ៍ទំនើបផ្សេងទៀតពីឆ្នាំ 1878 ដល់ឆ្នាំ 1925 ។ វានឹងក្លាយជាចំណេះដឹងបន្ថែមសម្រាប់អ្នកអានអំពីការអភិវឌ្ឍន៍វិទ្យាសាស្ត្រតាមលំដាប់លំដោយ។ |
| 520 ## - SUMMARY, ETC. | |
| Summary, etc. | Part 5 of a comic book that highlights numerous scientific discoveries from 1875 until 1925. |
| 521 8# - TARGET AUDIENCE NOTE | |
| Target audience note | 1060<br/> |
| Source | Lexile estimate<br/> |
| 521 8# - TARGET AUDIENCE NOTE | |
| Target audience note | Z'<br/> |
| Source | Raz-Plus<br/> |
| 650 ## - SUBJECT ADDED ENTRY--TOPICAL TERM | |
| Topical term or geographic name entry element | វិទ្យាសាស្រ្ត |
| Form subdivision | ទ្រឹស្ដី |
| General subdivision | រូបវិទ្យា |
| Chronological subdivision | ការអភិវឌ្ឍ |
| 650 ## - SUBJECT ADDED ENTRY--TOPICAL TERM | |
| Topical term or geographic name entry element | Science |
| Form subdivision | Theory |
| General subdivision | Physical |
| Chronological subdivision | Development |
| 700 ## - ADDED ENTRY--PERSONAL NAME | |
| Personal name | Hyeong-wook, Im |
| Relator term | Author |
| 700 ## - ADDED ENTRY--PERSONAL NAME | |
| Personal name | Sung-hun, Jung |
| Relator term | illustrator |
| 700 ## - ADDED ENTRY--PERSONAL NAME | |
| Personal name | Sovannrath, Va |
| Relator term | Translator |
| 942 ## - ADDED ENTRY ELEMENTS (KOHA) | |
| Source of classification or shelving scheme | Dewey Decimal Classification |
| Koha item type | Khmer Books |
| Suppress in OPAC | No |
| Withdrawn status | Lost status | Source of classification or shelving scheme | Damaged status | Not for loan | Collection | Home library | Current library | Shelving location | Date acquired | Total Checkouts | Full call number | Barcode | Date last seen | Date last checked out | Copy number | Price effective from | Koha item type |
|---|---|---|---|---|---|---|---|---|---|---|---|---|---|---|---|---|---|
| Dewey Decimal Classification | Khmer Non-Fiction / សៀវភៅខ្មែរ រឿងពិត | Footprints International School Library Network Toul Kork Campus | Footprints International School Library Network Toul Kork Campus | 09/21/2023 | 1 | TAE 509.031 | 2023-0689 | 02/02/2026 | 01/05/2026 | 1 | 09/21/2023 | Khmer Books | |||||
| Dewey Decimal Classification | Khmer Non-Fiction / សៀវភៅខ្មែរ រឿងពិត | Footprints International School Library Network Toul Kork Campus | Footprints International School Library Network Toul Kork Campus | 09/21/2023 | TAE 509.031 | 2023-0690 | 09/21/2023 | 2 | 09/21/2023 | Khmer Books |
